Word Ladder: Jellystone Buzzkill Quiz Stats

 Plays Quiz Updated Feb 10, 2018

Challenge
Share
Tweet
Embed
Score 0/37 Timer 04:00
0 Plays Today
HINT WORD % Correct
☹ NOT MINE ☹☹ YOUR ☹
94.9%
Bottle stopperCORK
94.7%
Hammer or screwdriver, e.g.TOOL
94.7%
'Miami ____'VICE
94.3%
What bartenders doPOUR
93.3%
'Have You Never ____ Mellow?'BEEN
93%
Good, Better, ____BEST
92.8%
☹ MY CROSS TO ____☹ BEAR ☹
92.3%
One from 13 to 19TEEN
92.3%
Jed's 'cement pond'POOL
91.2%
____ Richard's AlmanackPOOR
91.1%
Pub quaffBEER
91%
Karate or judo rank signifierBELT
90.4%
____ and bull storyCOCK
89.9%
French port cityNICE
87.9%
Indian physical and spiritual disciplineYOGA
86.5%
SeabirdTERN
84.9%
'____ 'em Danno'BOOK
84%
House of Lancaster rivalYORK
83.9%
HINT WORD % Correct
Bluto and Otter's kind of partyTOGA
83.6%
Workbench gripperVISE
83.6%
☹ SHAVING BOO-BOO ☹☹ NICK ☹
83.3%
☹ THAIN OF THE SHIRE, PEREGRIN ____☹ TOOK ☹
83.1%
☹ LAWRENCE PETER BERRA ☹☹ YOGI ☹
82.3%
Acne reminderPOCK
81.9%
RazorbackBOAR
81.5%
☹ STRIPED OR SMALLMOUTH, e.g. ☹☹ BASS ☹
81.3%
Pulled asunderTORN
80.2%
Former Red Sox Kevin, for shortYOUK
79.6%
Uncouth loutBOOR
79.5%
Ming vesselVASE
78.8%
1776 flintlock 'Brown ____'BESS
78.3%
☹ STINKY PETE'S WEAPON ☹☹ PICK ☹
77%
WWII Japanese attack word, meaning 'tiger'TORA
76.9%
'All your ____ are belong to us'BASE
73.2%
Salmon that has spawnedKELT
38.3%
☹ COMIC STRIP GIRL, ETTA ____☹ KETT ☹
36%

Today's Daily Dose

Word Ladder
Anchorman

Get the Picture
'Head' Bands

You're not logged in!

Compare scores with friends on all Sporcle quizzes.
OR
Log In

You Might Also Like...

Show Comments

Extras

Top Quizzes Today


Score Distribution

Your Account Isn't Verified!

In order to create a playlist on Sporcle, you need to verify the email address you used during registration. Go to your Sporcle Settings to finish the process.

Report this User

Report this user for behavior that violates our Community Guidelines.

Details: